Coupe du monde de football, le grand QCM - Statistiques

Statistiques générales
  • Ce quiz a été pris 398 fois
    232 depuis la dernière actualisation
  • Le résultat moyen est 20 sur 30
Statistiques - réponses
Question Réponse % Correct
Quel joueur a inscrit le plus de buts en coupe du monde ? Miroslav Klose
95%
Quel est le seul joueur a avoir remporté trois coupes du monde ? Pelé
95%
Combien de coupe du monde l'Uruguay a-t-il remporté ? 2
89%
Quel pays a disputé trois finales de coupe du monde sans jamais n'avoir remporté une seule édition ? Pays-Bas
89%
Sur quel score l'Allemagne a-t-elle battu le Brésil en demi-finale en 2014 ? 7-1
86%
Quel est le seul pays à avoir participé à toutes les éditions ? Brésil
86%
Quel joueur a marqué le plus de buts en une seule édition ? Just Fontaine
86%
En quelle année l'Angleterre fut-elle championne du monde ? 1966
81%
Lequel de ces gardiens de but n'a jamais été champion du monde ? Lev Yachine
78%
Lequel de ces pays a déjà organisé une coupe du monde ? Suède
78%
Combien de buts la France a-t-elle encaissés durant la coupe du monde 1998 ? 2
73%
Aucune coupe du monde ne s'est déroulé en Afrique. Faux
70%
Lequel de ces pays n'a jamais disputé une demi-finale de coupe du monde ? Japon
68%
Où s'est déroulé la fameuse demi-finale France-Allemagne de 1982 ? Séville
68%
La finale Brésil-Uruguay de 1950 détient le record du plus grand nombre de... spectateurs
68%
Quel pays s'est désisté en 1982 de l'organisation de la coupe du monde 1986 ? Colombie
65%
Quelle est la nationalité de Jules Rimet, l'homme à l'origine de la compétition ? Française
65%
Lequel de ces pays n'a jamais participé à une coupe du monde ? Inde
65%
Quel pays africain n'a jamais atteint les quarts de finale ? Côte d'Ivoire
62%
Lequel de ces joueurs a été champion du monde ? Garrincha
62%
Combien de finales de coupe du monde se sont terminées par une séance de tirs au but ? 3
59%
Combien de pays ont déjà remporté la compétition ? 8
59%
Qui était capitaine de l'équipe d'Espagne sacrée en 2010 ? Iker Casillas
57%
Quel pays a disputé le plus de finales ? Allemagne
51%
Qui a été le premier à remporter la coupe du monde en tant que joueur et en tant que sélectioneur ? Mario Zagallo
41%
Quel est le poids du trophée remis au vainqueur ? 6,175kg
38%
Quel joueur a disputé le plus de matchs en coupe du monde ? Lionel Messi
35%
Quel joueur n'a pas remporté le Ballon d'Or l'année de son titre mondial ? Franz Beckenbauer
32%
Avec Kylian Mbappé, quel est le seul joueur à avoir inscrit trois buts lors d'une finale de coupe du monde ? Geoffrey Hurst
32%
Combien de pays ont participé à la première coupe du monde ? 13
22%
Aucun quiz correspondant
Distribution des résultats
% des personnes avec chaque résultat
Percentile par nombre de réponses
Votre historique - résultats
Vous n’avez pas pris ce quiz depuis la dernière actualisation